The evolution of tourist arts

Saved in:
Bibliographic Details
Main Author: Graburn, Nelson H. H.
Format: Book
Language:English
Published: Paris : Centre des hauted etudes touristiques, 1986
Series:Cahiers du tourisme. Serie C ; ; 63
Subjects:
Tags: Add Tag
No Tags, Be the first to tag this record!

MARC

LEADER 00000nam a2200000 i 4500
001 1/68501
008 960620s1986 eng d
035 |l 10030211 
040 |a GR-MY-UA  |b gre  |e aacr 
041 0 |a eng 
082 0 |a 338.4791 
100 1 |a Graburn, Nelson H. H. 
245 1 4 |a The evolution of tourist arts /  |c Nelson Graburn 
260 |a Paris :   |b Centre des hauted etudes touristiques,   |c 1986 
300 |a 70 p. 
490 1 |a Cahiers du tourisme. Serie C  |v ; 63 
650 0 0 |a Tourism. 
830 0 |a Cahiers du tourisme. Serie C ;  |v ; 63 
852 |a INST  |b CHIOS  |e 19960620  |h 338.4791 GRA  |p 005200007634  |q 005200007634  |t BK  |y 0 
909 |a Χ  |b 032093